| 000 | 00713nam a2200217 i 4500 | ||
|---|---|---|---|
| 001 | 86935 | ||
| 003 | ES-MaACL | ||
| 005 | 20230906175544.0 | ||
| 007 | t| | ||
| 008 | 041216s1969 sp ||||1| spa d | ||
| 100 | 1 |
_aKolle, Oswalt. _968519 |
|
| 245 | 1 | 0 |
_aTu hijo, ese desconocido / _cOswalt Kolle ; fotografías de Will Mac Bride y Guido Mangold ; [traducción, Aurora M. Martí y Frederik Koning]. |
| 250 | _a[1ª ed.]. | ||
| 260 |
_aBarcelona : _bBruguera, _c[1969] |
||
| 300 |
_a178 p., 28 lám. ; _c25 cm. |
||
| 700 | 1 |
_aMacBride, Will. _975072 |
|
| 700 | 1 |
_aMangold, Guido. _976016 |
|
| 700 | 1 |
_aMartí, Aurora M. _977181 |
|
| 700 | 1 |
_aKoning, Frederik. _968558 |
|
| 852 |
_aES-MaACL _jC-42274 _bR.69518 |
||
| 999 |
_c86935 _d86935 |
||